[Event "Budapest FS06 Development"]
[Site "Budapest"]
[Date "2018.06.11"]
[Round "9"]
[White "Chubakov, Sultan"]
[Black "Havaskori, Laszlo"]
[Result "0-1"]
[WhiteElo "1745"]
[BlackElo "1874"]
[PlyCount "72"]
[EventDate "2018.06.02"]
[EventType "tourn"]
[EventRounds "10"]
[EventCountry "HUN"]
[SourceTitle "CBM 184 Extra"]
[Source "ChessBase"]
[SourceDate "2018.06.28"]
[SourceVersion "1"]
[SourceVersionDate "2018.06.28"]
[SourceQuality "1"]

1. d4 e6 2. c4 f5 3. Nc3 Nf6 4. g3 Bb4 5. Bg2 c6 6. Nh3 0-0 7. 0-0 d5 8. Qc2 Be7 9. Rd1 h6 10. Nf4 Qe8 11. Nd3 Nbd7 12. f4 Ne4 13. Ne5 Ndf6 14. Bxe4 fxe4 15. e3 Qh5 16. b3 Bd7 17. a4 Be8 18. Ba3 Bxa3 19. Rxa3 a5 20. Qg2 g5 21. g4 Qh4 22. Rf1 Kg7 23. Ra2 gxf4 24. exf4 Kh7 25. g5 Bh5 26. g6+ Kg7 27. h3 Rad8 28. c5 Nd7 29. Nf7 Rxf7 30. gxf7+ Kxf7 31. Kh2 Qf6 32. Qg1 Bf3 33. Qe3 Rg8 34. Rg1 Rxg1 35. Kxg1 Qh4 36. Rh2 Qg3+ 0-1

[Event "Budapest FS06 Development"]
[Site "Budapest"]
[Date "2018.06.05"]
[Round "4"]
[White "Havaskori, Laszlo"]
[Black "Chubakov, Sultan"]
[Result "1/2-1/2"]
[WhiteElo "1874"]
[BlackElo "1745"]
[PlyCount "88"]
[EventDate "2018.06.02"]
[EventType "tourn"]
[EventRounds "10"]
[EventCountry "HUN"]
[SourceTitle "CBM 184 Extra"]
[Source "ChessBase"]
[SourceDate "2018.06.28"]
[SourceVersion "1"]
[SourceVersionDate "2018.06.28"]
[SourceQuality "1"]

1. d4 d5 2. Nf3 Nf6 3. c4 e6 4. Nc3 Be7 5. e3 0-0 6. cxd5 exd5 7. Bd3 Nbd7 8. 0-0 c6 9. Qc2 Re8 10. Bd2 Bd6 11. h3 Qe7 12. Rfe1 Ne4 13. Bf1 f5 14. Nxe4 fxe4 15. Nh2 Nf6 16. a3 Qc7 17. f4 exf3 18. Nxf3 Ne4 19. Bb4 Bg3 20. Re2 Qf7 21. Ne5 Bxe5 22. dxe5 Rxe5 23. g4 a5 24. Bc3 Re8 25. Bg2 h5 26. Bxe4 Rxe4 27. Rf1 Qg6 28. Ref2 Be6 29. Rf4 hxg4 30. hxg4 Bxg4 31. Qg2 Bh5 32. Rxe4 Qxg2+ 33. Kxg2 dxe4 34. Rf4 Bf3+ 35. Kg3 b6 36. Rf5 Rd8 37. Rg5 Rd7 38. Rg6 Rc7 39. Kf4 Kh7 40. Kg5 a4 41. Re6 Rd7 42. Rxc6 Rd5+ 43. Kf4 g5+ 44. Kg3 b5 1/2-1/2

[Event "Budapest FS06 Development"]
[Site "Budapest"]
[Date "2018.06.04"]
[Round "3"]
[White "Rigo, Jozsef"]
[Black "Havaskori, Laszlo"]
[Result "0-1"]
[WhiteElo "1367"]
[BlackElo "1874"]
[PlyCount "48"]
[EventDate "2018.06.02"]
[EventType "tourn"]
[EventRounds "10"]
[EventCountry "HUN"]
[SourceTitle "CBM 184 Extra"]
[Source "ChessBase"]
[SourceDate "2018.06.28"]
[SourceVersion "1"]
[SourceVersionDate "2018.06.28"]
[SourceQuality "1"]

1. Nf3 Nf6 2. c4 g6 3. Nc3 Bg7 4. g3 d5 5. d4 0-0 6. b3 dxc4 7. bxc4 c5 8. e3 Nc6 9. Ne5 cxd4 10. Nxc6 bxc6 11. exd4 Ng4 12. Be3 Nxe3 13. fxe3 Qa5 14. Rc1 Rb8 15. Qd2 e5 16. d5 cxd5 17. cxd5 Bh6 18. Bg2 Ba6 19. Kf2 f5 20. d6 f4 21. gxf4 exf4 22. e4 Qc5+ 23. Kf3 Qh5+ 24. Kf2 f3 0-1

[Event "Budapest FS06 Development"]
[Site "Budapest"]
[Date "2018.06.03"]
[Round "2"]
[White "Havaskori, Laszlo"]
[Black "Nagy, Gyorgy1111"]
[Result "1/2-1/2"]
[WhiteElo "1874"]
[BlackElo "1771"]
[PlyCount "105"]
[EventDate "2018.06.02"]
[EventType "tourn"]
[EventRounds "10"]
[EventCountry "HUN"]
[SourceTitle "CBM 184 Extra"]
[Source "ChessBase"]
[SourceDate "2018.06.28"]
[SourceVersion "1"]
[SourceVersionDate "2018.06.28"]
[SourceQuality "1"]

1. d4 Nf6 2. Nf3 g6 3. g3 Bg7 4. Bg2 0-0 5. 0-0 d6 6. c4 c6 7. Nc3 Qc7 8. Qc2 Nbd7 9. e4 e5 10. dxe5 dxe5 11. h3 Nc5 12. Be3 Ne6 13. Rfd1 b6 14. Rac1 Bb7 15. b4 Rfd8 16. Qb2 Rxd1+ 17. Rxd1 Rd8 18. Rxd8+ Nxd8 19. c5 Ne6 20. Nd2 Nd7 21. cxb6 axb6 22. Nc4 Ba6 23. Bf1 Nd4 24. a4 b5 25. Na3 Qb7 26. axb5 Bxb5 27. Naxb5 cxb5 28. Nd5 Nf6 29. Bg2 Nxd5 30. exd5 Qd7 31. Qa2 h5 32. Qa8+ Kh7 33. Bxd4 exd4 34. Qc6 Qe7 35. Qxb5 d3 36. Qxd3 Qxb4 37. d6 Qe1+ 38. Bf1 Bf6 39. h4 Kg7 40. Kg2 Qa5 41. Be2 Qa1 42. d7 Bd8 43. Qd5 Qf6 44. Bc4 Bb6 45. Qd2 Bd8 46. Qd5 Bb6 47. f4 Bd8 48. f5 gxf5 49. Bd3 f4 50. Qxh5 fxg3 51. Qg4+ Kf8 52. Qb4+ Qe7 53. Qxe7+ 1/2-1/2

[Event "Budapest FS03 FM"]
[Site "Budapest"]
[Date "2018.03.11"]
[Round "8"]
[White "Szurkos, Andras"]
[Black "Havaskori, Laszlo"]
[Result "1/2-1/2"]
[WhiteElo "1673"]
[BlackElo "1869"]
[PlyCount "67"]
[EventDate "2018.03.03"]
[EventType "tourn"]
[EventRounds "10"]
[EventCountry "HUN"]
[SourceTitle "CBM 183 Extra"]
[Source "ChessBase"]
[SourceDate "2018.04.19"]
[SourceVersion "1"]
[SourceVersionDate "2018.04.19"]
[SourceQuality "1"]

1. e4 e5 2. Nf3 d6 3. d4 Bg4 4. dxe5 Bxf3 5. Qxf3 dxe5 6. Bc4 Qf6 7. Qb3 b6 8. Be3 Bd6 9. Nc3 Ne7 10. Rd1 0-0 11. 0-0 Nbc6 12. Nd5 Nxd5 13. Bxd5 Na5 14. Qa4 Rac8 15. a3 c6 16. Ba2 Bb8 17. b4 Nb7 18. Rd7 Nd6 19. f4 exf4 20. Bxf4 Qd4+ 21. Kh1 Rcd8 22. Rxd8 Rxd8 23. Bxd6 Qxd6 24. Bxf7+ Kh8 25. g3 Qh6 26. Qb3 Rd2 27. h4 Qd6 28. e5 Qxe5 29. Bd5 g6 30. Bxc6 Qe2 31. Rf8+ Kg7 32. Rf7+ Kh6 33. Rxh7+ Kxh7 34. Qf7+ 1/2-1/2

[Event "Budapest FS03 FM"]
[Site "Budapest"]
[Date "2018.03.07"]
[Round "5"]
[White "Havaskori, Laszlo"]
[Black "Lakatos, Andras"]
[Result "1-0"]
[WhiteElo "1869"]
[BlackElo "1768"]
[PlyCount "25"]
[EventDate "2018.03.03"]
[EventType "tourn"]
[EventRounds "10"]
[EventCountry "HUN"]
[SourceTitle "CBM 183 Extra"]
[Source "ChessBase"]
[SourceDate "2018.04.19"]
[SourceVersion "1"]
[SourceVersionDate "2018.04.19"]
[SourceQuality "1"]

1. d4 d5 2. Nf3 Nf6 3. c4 e6 4. Nc3 Be7 5. e3 Nbd7 6. cxd5 exd5 7. Bd3 0-0 8. Qc2 c6 9. Bd2 Re8 10. 0-0-0 Bf8 11. h4 h5 12. Ng5 c5 13. Bh7+ 1-0

[Event "Budapest FS02 FM"]
[Site "Budapest"]
[Date "2018.02.04"]
[Round "2"]
[White "Havaskori, Laszlo"]
[Black "Kumar, Naman"]
[Result "0-1"]
[WhiteElo "1870"]
[BlackElo "2004"]
[PlyCount "64"]
[EventDate "2018.02.03"]
[EventType "tourn"]
[EventRounds "9"]
[EventCountry "HUN"]
[SourceTitle "CBM 182 Extra"]
[Source "ChessBase"]
[SourceDate "2018.02.23"]
[SourceVersion "1"]
[SourceVersionDate "2018.02.23"]
[SourceQuality "1"]

1. d4 Nf6 2. Nf3 g6 3. g3 Bg7 4. Bg2 0-0 5. 0-0 d6 6. c4 Nbd7 7. Nc3 e5 8. d5 Nb6 9. Nd2 Re8 10. a4 a5 11. e4 Nfd7 12. Bh3 Bh6 13. b3 Nc5 14. Bxc8 Qxc8 15. Kg2 f5 16. Rb1 Rf8 17. Qe2 Bxd2 18. Bxd2 f4 19. f3 h5 20. gxf4 exf4 21. Nb5 Nbd7 22. Bc3 Kh7 23. Kh1 Rg8 24. Qd2 g5 25. Nd4 Ne5 26. Nf5 Nxf3 27. Rxf3 Nxe4 28. Qd4 Qxf5 29. Re1 Rae8 30. Bxa5 b6 31. Bc3 g4 32. Rff1 g3 0-1

[Event "Budapest FS12 FM"]
[Site "Budapest"]
[Date "2017.12.03"]
[Round "2"]
[White "Nittel, Christian"]
[Black "Havaskori, Laszlo"]
[Result "0-1"]
[WhiteElo "1986"]
[BlackElo "1847"]
[PlyCount "68"]
[EventDate "2017.12.02"]
[EventType "tourn"]
[EventRounds "10"]
[EventCountry "HUN"]
[SourceTitle "CBM 182 Extra"]
[Source "ChessBase"]
[SourceDate "2018.02.23"]
[SourceVersion "1"]
[SourceVersionDate "2018.02.23"]
[SourceQuality "1"]

1. d4 Nf6 2. Nf3 d5 3. e3 e6 4. Bd3 c5 5. c3 Nc6 6. 0-0 Qc7 7. Nbd2 Be7 8. dxc5 Bxc5 9. e4 0-0 10. Qe2 Bd6 11. exd5 exd5 12. h3 Re8 13. Qd1 h6 14. Nb3 Bd7 15. Nfd4 Nxd4 16. Nxd4 Bh2+ 17. Kh1 Bf4 18. Qf3 Bxc1 19. Raxc1 Re7 20. Nf5 Bxf5 21. Qxf5 Rae8 22. Qf3 Qb6 23. Rb1 Ne4 24. Bxe4 dxe4 25. Qf5 Re5 26. Qf4 R5e6 27. Qd2 Rd8 28. Qe2 Qa5 29. a3 Rd3 30. Rfd1 Qf5 31. Rbc1 Rxh3+ 32. Kg1 Rd3 33. Rd2 Rg6 34. Rcd1 Qg5 0-1

[Event "Budapest-chT1 Lilienthal 1718"]
[Site "Budapest"]
[Date "2017.10.15"]
[Round "2"]
[White "Karsai, Jozsef"]
[Black "Havaskori, Laszlo"]
[Result "0-1"]
[WhiteElo "1866"]
[BlackElo "1833"]
[PlyCount "130"]
[EventDate "2017.10.01"]
[EventType "team-tourn"]
[EventRounds "13"]
[EventCountry "HUN"]
[SourceTitle "EXT 2021"]
[Source "ChessBase"]
[SourceDate "2020.10.23"]
[SourceVersion "1"]
[SourceVersionDate "2020.10.23"]
[SourceQuality "1"]
[WhiteTeam "Penzugyor III"]
[BlackTeam "Csepel"]
[WhiteTeamCountry "HUN"]
[BlackTeamCountry "HUN"]

1. e4 d6 2. d4 Nf6 3. Nc3 g6 4. f4 Bg7 5. Nf3 0-0 6. Be2 c5 7. 0-0 cxd4 8. Nxd4 Nc6 9. Be3 e5 10. Ndb5 exf4 11. Bxf4 Qb6+ 12. Kh1 a6 13. Nxd6 Qxb2 14. Na4 Qd4 15. c3 Qa7 16. Qc1 Bg4 17. Be3 Qb8 18. Bxg4 Nxg4 19. Bc5 Be5 20. Nc4 b5 21. h3 bxc4 22. hxg4 Rd8 23. Nb6 Rd3 24. Nd5 Qd8 25. g5 Rg3 26. Nf6+ Kg7 27. Rf3 Rxf3 28. gxf3 Qd3 29. Qf1 Qxf1+ 30. Rxf1 Bxf6 31. gxf6+ Kxf6 32. Kg2 Rd8 33. Rb1 a5 34. Rb6 Rc8 35. Ra6 Ke5 36. Kg3 f5 37. exf5 gxf5 38. Bb6 h5 39. Bxa5 h4+ 40. Kxh4 Kf4 41. Kh5 Ne5 42. Kh6 Kxf3 43. Rd6 Nd3 44. Kg5 f4 45. Rd5 Ke2 46. Bb6 f3 47. a4 f2 48. Bxf2 Nxf2 49. Kf4 Nd3+ 50. Ke4 Nc5+ 51. Kd4 Nxa4 52. Rb5 Rc6 53. Rb4 Nb6 54. Rb5 Kd2 55. Rb2+ Kc1 56. Rb5 Kc2 57. Rb4 Rd6+ 58. Kc5 Kxc3 59. Rb1 Rd5+ 60. Kxb6 Kc2 61. Rh1 c3 62. Kc6 Rd1 63. Rh2+ Rd2 64. Rh3 Kb2 65. Rh8 c2 0-1

[Event "Budapest FS04 FM"]
[Site "Budapest"]
[Date "2017.04.01"]
[Round "1"]
[White "Lukacs, Albert"]
[Black "Havaskori, Laszlo"]
[Result "1/2-1/2"]
[WhiteElo "1952"]
[BlackElo "1879"]
[PlyCount "101"]
[EventDate "2017.04.01"]
[EventType "tourn"]
[EventRounds "10"]
[EventCountry "HUN"]
[SourceTitle "CBM 177 Extra"]
[Source "ChessBase"]
[SourceDate "2017.04.27"]
[SourceVersion "1"]
[SourceVersionDate "2017.04.27"]
[SourceQuality "1"]

1. e4 c5 2. Nf3 d6 3. d4 cxd4 4. Nxd4 Nf6 5. Nc3 a6 6. Be2 e5 7. Nf3 Be6 8. Bg5 Be7 9. Qd2 Nbd7 10. 0-0 Rc8 11. h3 0-0 12. Bxf6 Nxf6 13. Rad1 Qb6 14. Na4 Qc6 15. Nc3 Nxe4 16. Nxe4 Qxe4 17. Bd3 Qc6 18. Qb4 f5 19. Nxe5 dxe5 20. Qxe7 Rc7 21. Qg5 e4 22. Be2 Qb6 23. b3 Rxc2 24. Qe7 Rc6 25. Rc1 f4 26. Rxc6 Qxc6 27. Rd1 Qe8 28. Qxe6+ Qxe6 29. Bc4 Qxc4 30. bxc4 e3 31. Re1 Re8 32. fxe3 fxe3 33. Kf1 Re4 34. Rc1 e2+ 35. Ke1 Kf7 36. c5 Re6 37. Rb1 Re7 38. Rb6 a5 39. a4 Ke8 40. Rb5 Kd8 41. Rxa5 Kc7 42. Ra7 Kc6 43. a5 Re3 44. a6 bxa6 45. Rxa6+ Kxc5 46. Ra2 Kd4 47. Rd2+ Ke4 48. Rd7 g5 49. Rxh7 Kf4 50. Rh5 Re7 51. g3+ 1/2-1/2

[Event "Budapest FS02 FM"]
[Site "Budapest"]
[Date "2017.02.05"]
[Round "2"]
[White "Szurkos, Andras"]
[Black "Havaskori, Laszlo"]
[Result "1/2-1/2"]
[WhiteElo "1717"]
[BlackElo "1902"]
[PlyCount "83"]
[EventDate "2017.02.04"]
[EventType "tourn"]
[EventRounds "9"]
[EventCountry "HUN"]
[SourceTitle "EXT 2018"]
[Source "ChessBase"]
[SourceDate "2017.10.13"]
[SourceVersion "1"]
[SourceVersionDate "2017.10.13"]
[SourceQuality "1"]

1. e4 c6 2. Nc3 d5 3. Nf3 Bg4 4. h3 Bxf3 5. Qxf3 e6 6. exd5 cxd5 7. d4 Nc6 8. Bb5 Qc7 9. Bf4 Bd6 10. Bxd6 Qxd6 11. Qg3 Qxg3 12. fxg3 Nge7 13. g4 a6 14. Bxc6+ Nxc6 15. 0-0-0 0-0 16. Rhf1 b5 17. Rf3 Rfc8 18. a3 Ra7 19. Ne2 b4 20. axb4 Nxb4 21. c3 Nc6 22. Kc2 a5 23. Ra1 Rb7 24. Rff1 Rcb8 25. Rfb1 f6 26. Nf4 Kf7 27. Nd3 Rb5 28. Ra4 e5 29. dxe5 fxe5 30. c4 dxc4 31. Rxc4 Nb4+ 32. Nxb4 axb4 33. Rc7+ Ke6 34. Kb3 Rd5 35. Rxg7 Rd2 36. Rxh7 Rxg2 37. Re1 Rg3+ 38. Kc4 Rc8+ 39. Kxb4 Rb8+ 40. Kc4 Rc8+ 41. Kb4 Rb8+ 42. Kc4 1/2-1/2

[Event "Budapest FS12 FM"]
[Site "Budapest"]
[Date "2016.12.13"]
[Round "10"]
[White "Baracca, Paolo"]
[Black "Havaskori, Laszlo"]
[Result "0-1"]
[WhiteElo "2043"]
[BlackElo "1911"]
[PlyCount "96"]
[EventDate "2016.12.03"]
[EventType "tourn"]
[EventRounds "10"]
[EventCountry "HUN"]
[SourceTitle "CBM 176 Extra"]
[Source "ChessBase"]
[SourceDate "2017.03.02"]
[SourceVersion "1"]
[SourceVersionDate "2017.03.02"]
[SourceQuality "1"]

1. d4 Nf6 2. c4 d6 3. Nf3 g6 4. Nc3 Bg7 5. e4 0-0 6. Be2 c6 7. 0-0 Qc7 8. h3 Nbd7 9. Be3 Re8 10. Rc1 a6 11. b4 e5 12. d5 c5 13. a3 b6 14. Ne1 Nf8 15. Nd3 Bd7 16. Rb1 Nxe4 17. Nxe4 f5 18. Nxd6 Qxd6 19. bxc5 bxc5 20. Bxc5 Qc7 21. Qc1 e4 22. Bb6 Qd6 23. Nc5 Bc8 24. Re1 Kh8 25. Bf1 Rb8 26. Na4 Bd7 27. Bc5 Qc7 28. Bxf8 Rxf8 29. Nc3 Rxb1 30. Nxb1 Qc5 31. Re2 Rb8 32. Ra2 Bd4 33. Qe1 Ba4 34. Nd2 Kg7 35. g3 Bb3 36. Nxb3 Rxb3 37. Kg2 a5 38. a4 h5 39. Be2 h4 40. gxh4 f4 41. Bd1 Rb1 42. Qxe4 Rxd1 43. Rc2 Qd6 44. Qe2 Ra1 45. Qd3 Qf6 46. c5 f3+ 47. Qxf3 Rg1+ 48. Kxg1 Qxf3 0-1

[Event "Budapest FS12 FM"]
[Site "Budapest"]
[Date "2016.12.07"]
[Round "5"]
[White "Havaskori, Laszlo"]
[Black "Baracca, Paolo"]
[Result "1/2-1/2"]
[WhiteElo "1911"]
[BlackElo "2043"]
[PlyCount "95"]
[EventDate "2016.12.03"]
[EventType "tourn"]
[EventRounds "10"]
[EventCountry "HUN"]
[SourceTitle "CBM 176 Extra"]
[Source "ChessBase"]
[SourceDate "2017.03.02"]
[SourceVersion "1"]
[SourceVersionDate "2017.03.02"]
[SourceQuality "1"]

1. d4 Nf6 2. Nf3 g6 3. g3 Bg7 4. Bg2 0-0 5. 0-0 d6 6. c4 Nc6 7. Nc3 Rb8 8. e4 e5 9. d5 Na5 10. Nd2 c5 11. a3 Bh6 12. b4 Bxd2 13. Bxd2 Nxc4 14. Bh6 Re8 15. Qe2 Nb6 16. bxc5 dxc5 17. h3 a6 18. Bg5 Qd6 19. a4 Bd7 20. f4 Nh5 21. Qf3 f6 22. Bh6 Nc4 23. Rf2 exf4 24. gxf4 Qe7 25. e5 fxe5 26. d6 Qf7 27. fxe5 Qxf3 28. Bxf3 Nxe5 29. Bd5+ Kh8 30. Kh2 Bf5 31. Rg1 Rbd8 32. Rg5 Bd3 33. Rxh5 gxh5 34. Bg5 Rxd6 35. Bf6+ Rxf6 36. Rxf6 b5 37. axb5 axb5 38. Rb6 b4 39. Nb5 Nd7 40. Rb7 Bxb5 41. Rxb5 Re5 42. Bc6 Nf6 43. Kg3 Re3+ 44. Kf4 Rxh3 45. Kg5 Rg3+ 46. Kxf6 Rg6+ 47. Kf7 Rg7+ 48. Kf6 1/2-1/2

[Event "Budapest FS11 FM"]
[Site "Budapest"]
[Date "2016.11.15"]
[Round "10"]
[White "Havaskori, Laszlo"]
[Black "Faber, Hugo"]
[Result "1/2-1/2"]
[WhiteElo "1899"]
[BlackElo "2091"]
[PlyCount "115"]
[EventDate "2016.11.05"]
[EventType "tourn"]
[EventRounds "10"]
[EventCountry "HUN"]
[SourceTitle "CBM 175 Extra"]
[Source "ChessBase"]
[SourceDate "2016.12.12"]
[SourceVersion "1"]
[SourceVersionDate "2016.12.12"]
[SourceQuality "1"]

1. d4 Nf6 2. Nf3 g6 3. g3 Bg7 4. Bg2 0-0 5. 0-0 d6 6. c4 c6 7. Nc3 Qa5 8. Qc2 e5 9. dxe5 dxe5 10. e4 Be6 11. b3 h6 12. Bb2 Nbd7 13. Rad1 Rfd8 14. Rd2 Nh5 15. Rfd1 Qc7 16. Ba3 Bf8 17. Bxf8 Kxf8 18. Qd3 Bg4 19. Qe3 Kg7 20. h3 Bxf3 21. Bxf3 Nhf6 22. Kg2 Re8 23. Bg4 Nf8 24. f4 h5 25. Bf3 Ne6 26. f5 Nd4 27. g4 hxg4 28. hxg4 Rh8 29. g5 gxf5 30. gxf6+ Kxf6 31. Rxd4 Rag8+ 32. Kf1 exd4 33. Qxd4+ Qe5 34. exf5 Qxd4 35. Rxd4 Ke5 36. Ne2 Rd8 37. Re4+ Kxf5 38. Rd4 Rxd4 39. Nxd4+ Ke5 40. Ne2 Kf5 41. Kf2 Ke5 42. Ke3 Kd6 43. b4 c5 44. b5 b6 45. a4 Rh4 46. Bd5 f5 47. Nf4 Rh8 48. Ng6 Rh3+ 49. Kf4 Ra3 50. Ne5 Rxa4 51. Kxf5 a5 52. bxa6 Rxa6 53. Bc6 Ra1 54. Be4 Rf1+ 55. Nf3 Rc1 56. Ne5 Rf1+ 57. Nf3 Rc1 58. Ne5 1/2-1/2

[Event "Budapest FS11 FM"]
[Site "Budapest"]
[Date "2016.11.09"]
[Round "5"]
[White "Faber, Hugo"]
[Black "Havaskori, Laszlo"]
[Result "1-0"]
[WhiteElo "2091"]
[BlackElo "1899"]
[PlyCount "73"]
[EventDate "2016.11.05"]
[EventType "tourn"]
[EventRounds "10"]
[EventCountry "HUN"]
[SourceTitle "CBM 175 Extra"]
[Source "ChessBase"]
[SourceDate "2016.12.12"]
[SourceVersion "1"]
[SourceVersionDate "2016.12.12"]
[SourceQuality "1"]

1. e4 c6 2. d4 d5 3. exd5 cxd5 4. c4 Nf6 5. Nc3 e6 6. Nf3 Be7 7. cxd5 Nxd5 8. Bd3 Nxc3 9. bxc3 Qc7 10. Bd2 Nd7 11. 0-0 Nf6 12. Ne5 0-0 13. Qf3 Bd7 14. Qh3 g6 15. c4 Rad8 16. Rfe1 Bc8 17. Be3 Qa5 18. Rad1 Nh5 19. g4 Ng7 20. Bb1 Bf6 21. Bd2 Qa4 22. Bf4 Bxe5 23. Bxe5 f6 24. Bc7 Rd7 25. Bb8 b6 26. Qb3 Qa5 27. Re2 Qg5 28. Qg3 Ba6 29. Bf4 Qa5 30. Rc2 Rfd8 31. Be3 Qa4 32. Rdc1 Bb7 33. f3 e5 34. d5 Ne8 35. Rc3 Nd6 36. Qh4 Ne8 37. Qf2 1-0

[Event "Budapest FS11 FM-B"]
[Site "Budapest"]
[Date "2012.11.06"]
[Round "3"]
[White "Marcu, Simon"]
[Black "Havaskori, Laszlo"]
[Result "1-0"]
[WhiteElo "1901"]
[BlackElo "1950"]
[PlyCount "58"]
[EventDate "2012.11.03"]
[EventType "tourn"]
[EventRounds "10"]
[EventCountry "HUN"]
[SourceTitle "EXT 2013"]
[Source "ChessBase"]
[SourceDate "2012.11.22"]
[SourceVersion "1"]
[SourceVersionDate "2012.11.22"]
[SourceQuality "1"]

1. d4 Nf6 2. c4 e6 3. a3 b6 4. Nc3 Bb7 5. Bg5 Be7 6. f3 c5 7. e3 0-0 8. Bd3 d5 9. cxd5 exd5 10. Nge2 Nh5 11. Bxe7 Qxe7 12. Qd2 Re8 13. Kf2 Nd7 14. h4 Nf8 15. g4 Nf6 16. Ng3 Ne6 17. Nf5 Qf8 18. h5 h6 19. Rag1 Ng5 20. Nb5 Red8 21. Nc3 Rac8 22. Ne2 cxd4 23. exd4 Re8 24. Nc3 Re6 25. Re1 Rce8 26. Kg2 Rxe1 27. Rxe1 Rxe1 28. Qxe1 Nfe4 29. fxe4 dxe4 1-0

[Event "Budapest FS10 FM-A2"]
[Site "Budapest"]
[Date "2012.10.15"]
[Round "9"]
[White "Havaskori, Laszlo"]
[Black "Koczo, Kristof"]
[Result "0-1"]
[WhiteElo "1933"]
[BlackElo "2221"]
[PlyCount "107"]
[EventDate "2012.10.06"]
[EventType "tourn"]
[EventRounds "9"]
[EventCountry "HUN"]
[SourceTitle "EXT 2013"]
[Source "ChessBase"]
[SourceDate "2012.11.22"]
[SourceVersion "1"]
[SourceVersionDate "2012.11.22"]
[SourceQuality "1"]

1. e4 c5 2. d3 d6 3. Nf3 Nf6 4. Be2 Nc6 5. 0-0 Bg4 6. h3 Bh5 7. Nc3 e6 8. Re1 Be7 9. Be3 Qb6 10. Qd2 e5 11. g4 Bg6 12. g5 Nd7 13. Nd5 Qd8 14. Nh4 Nd4 15. Bg4 h5 16. Bd1 Nb6 17. c3 Nxd5 18. cxd4 Nxe3 19. Ba4+ Kf8 20. Nxg6+ fxg6 21. fxe3 Bxg5 22. Bb3 cxd4 23. Rf1+ Bf6 24. exd4 Ke7 25. dxe5 Qb6+ 26. Kh1 dxe5 27. Qg2 g5 28. d4 Qxd4 29. Rad1 Qb6 30. Rd5 Rad8 31. Qd2 Qc5 32. Rc1 Rxd5 33. Bxd5 Qd6 34. Qa5 Rd8 35. Kg2 Qb6 36. Rc7+ Kd6 37. Qxb6+ axb6 38. Rc2 Rd7 39. a4 Bd8 40. Rf2 Bf6 41. Rc2 g6 42. Rc8 Bd8 43. Kf3 g4+ 44. hxg4 h4 45. g5 Bxg5 46. Rg8 Kc5 47. Kg4 Bd8 48. Rxg6 Kd4 49. Be6 Rc7 50. Bf5 Ke3 51. Rxb6 Kf2 52. Rd6 Rg7+ 53. Rg6 Rxg6+ 54. Bxg6 0-1